[Event "POL-ch Women MOKATE 2020"]
[Site "Ostrow Wielkopolski"]
[Date "2020.08.07"]
[Round "4.2"]
[White "Antolak, Julia"]
[Black "Sliwicka, Alicja"]
[Result "1/2-1/2"]
[WhiteElo "2323"]
[BlackElo "2317"]
[Annotator "ChessBase"]
[PlyCount "91"]
[EventDate "2020.08.04"]
[EventType "tourn"]
[EventCountry "POL"]
[SourceTitle "playchess.com"]
[Source "ChessBase"]
[SourceQuality "1"]
[TimeControl "40/5400+30:1800+30"]

1. e4 {[%emt 0:00:00]} e5 {[%emt 0:00:00]} 2. Nf3 {[%emt 0:00:00]} Nc6 {[%emt 0:00:00]} 3. Bb5 {[%emt 0:00:00]} a6 {[%emt 0:00:00]} 4. Ba4 {[%emt 0:00:00]} Nf6 {[%emt 0:00:00]} 5. O-O {[%emt 0:00:08]} Be7 {[%emt 0:00:01]} 6. Re1 {[%emt 0:00:07]} b5 {[%emt 0:00:07]} 7. Bb3 {[%emt 0:00:05]} d6 {[%emt 0:00:06]} 8. c3 {[%emt 0:00:06]} O-O {[%emt 0:00:08]} 9. h3 {[%emt 0:00:04]} Na5 {[%emt 0:00:07]} 10. Bc2 {[%emt 0:00:07]} c5 {[%emt 0:00:07]} 11. d4 {[%emt 0:00:07]} Nd7 {[%emt 0:00:07]} 12. d5 {[%emt 0:00:52]} Nb6 {[%emt 0:00:26]} 13. Nbd2 {[%emt 0:00:54]} g6 {[%emt 0:00:10]} 14. b4 {[%emt 0:01:53]} Nb7 {[%emt 0:06:26]} 15. Nf1 {[%emt 0:14:24]} f5 {[%emt 0:04:33]} 16. exf5 {[%emt 0:03:07]} gxf5 {[%emt 0:00:21]} 17. N3h2 {[%emt 0:04:42]} a5 {[%emt 0:08:01]} 18. Ng3 {[%emt 0:07:26]} Bg5 {[%emt 0:28:28]} 19. bxa5 {[%emt 0:28:45]} Bxc1 {[%emt 0:02:21]} 20. Qxc1 {[%emt 0:02:06]} Nxd5 {[%emt 0:03:52]} 21. c4 {[%emt 0:09:30]} Nb4 {[%emt 0:04:36]} 22. cxb5 {[%emt 0:02:23]} Nxc2 {[%emt 0:01:32]} 23. Qxc2 {[%emt 0:00:06]} Nxa5 {[%emt 0:01:10]} 24. Rad1 {[%emt 0:01:18]} Qf6 {[%emt 0:02:52]} 25. Rd3 {[%emt 0:07:39]} Bb7 {[%emt 0:06:16]} 26. Qd2 {[%emt 0:03:09]} Nc4 {[%emt 0:02:24]} 27. Qc2 {[%emt 0:06:16]} d5 {[%emt 0:01:28]} 28. Red1 {[%emt 0:02:13]} Qf7 {[%emt 0:02:10]} 29. Rc3 {[%emt 0:02:40]} e4 {[%emt 0:04:06]} 30. Ngf1 {[%emt 0:02:15]} Rac8 {[%emt 0:05:52]} 31. Nd2 {[%emt 0:00:42]} Ne5 {[%emt 0:04:00]} 32. Rxc5 {[%emt 0:00:52]} d4 {[%emt 0:01:33]} 33. Nb3 {[%emt 0:00:48]} Nd3 {[%emt 0:01:38]} 34. Rxd3 {[%emt 0:01:38]} exd3 {[%emt 0:00:38]} 35. Qxd3 {[%emt 0:00:01]} Qg7 {[%emt 0:02:57]} 36. Nf3 {[%emt 0:00:45]} Bxf3 {[%emt 0:07:56]} 37. Qxf3 {[%emt 0:00:01]} Rcd8 {[%emt 0:00:30]} 38. Qd3 {[%emt 0:01:12]} f4 {[%emt 0:00:16]} 39. Nd2 {[%emt 0:00:25]} Rf6 {[%emt 0:00:49]} 40. Qf3 {[%emt 0:00:00]} Rg6 {[%emt 0:00:00]} 41. Rf5 {[%emt 0:08:41]} d3 {[%emt 0:09:08]} 42. h4 {[%emt 0:07:59]} Qa1+ {[%emt 0:04:13]} 43. Kh2 {[%emt 0:00:09]} Qxa2 {[%emt 0:00:33]} 44. Qxf4 {[%emt 0:01:48]} Qe6 {[%emt 0:00:56]} 45. g3 {[%emt 0:01:57]} Qd6 {[%emt 0:01:47]} 46. Qc4+ {[%emt 0:05:03]} 1/2-1/2

[Event "POL-ch Women MOKATE 2020"]
[Site "Ostrow Wielkopolski"]
[Date "2020.08.07"]
[Round "4.3"]
[White "Socko, Monika"]
[Black "Cyfka, Karina"]
[Result "*"]
[WhiteElo "2428"]
[BlackElo "2411"]
[Annotator "TA"]
[PlyCount "32"]
[EventDate "2020.08.04"]
[EventType "tourn"]
[EventCountry "POL"]
[SourceTitle "playchess.com"]
[Source "ChessBase"]
[SourceQuality "1"]

{[%evp 2,2,54]} 1. d4 f5 {Not much happened in this game.} {Predecessor:} 2. g3 Nf6 3. Bg2 g6 4. c4 Bg7 5. Nc3 O-O 6. Nh3 {A86: Dutch Defence: Leningrad System: Unusual lines and 5 Nh3.} d6 7. d5 Na6 8. Nf4 Nc5 9. h4 e5 10. dxe6 Nxe6 11. Nxe6 Bxe6 12. Bxb7 Rb8 13. Bg2 Bxc4 14. Qa4 d5 15. O-O Ne4 16. Nxe4 fxe4 {0-1 (59) Ding,L (2791)-Nepomniachtchi,I (2784) chess24.com INT 2020} *

[Event "POL-ch Women MOKATE 2020"]
[Site "Ostrow Wielkopolski"]
[Date "2020.08.07"]
[Round "4.3"]
[White "Kucharska, Honorata"]
[Black "Waszczuk, Patrycja"]
[Result "1/2-1/2"]
[WhiteElo "2113"]
[BlackElo "2321"]
[Annotator "ChessBase"]
[PlyCount "77"]
[EventDate "2020.08.04"]
[EventType "tourn"]
[EventCountry "POL"]
[SourceTitle "playchess.com"]
[Source "ChessBase"]
[SourceQuality "1"]
[TimeControl "40/5400+30:1800+30"]

1. d4 {[%emt 0:00:00]} f5 {[%emt 0:00:00]} 2. e4 {[%emt 0:01:30]} fxe4 {[%emt 0:00:00]} 3. Nc3 {[%emt 0:00:08]} Nf6 {[%emt 0:00:00]} 4. Bg5 {[%emt 0:00:09]} g6 {[%emt 0:00:42]} 5. Bxf6 {[%emt 0:07:22]} exf6 {[%emt 0:00:07]} 6. Nxe4 {[%emt 0:00:03]} Qe7 {[%emt 0:07:46]} 7. Qe2 {[%emt 0:00:14]} Bg7 {[%emt 0:00:35]} 8. Nc3 {[%emt 0:02:57]} Qxe2+ {[%emt 0:03:16]} 9. Bxe2 {[%emt 0:01:18]} d6 {[%emt 0:01:11]} 10. Nf3 {[%emt 0:04:09]} Bf5 {[%emt 0:09:50]} 11. Nd5 {[%emt 0:03:49]} Kd8 {[%emt 0:04:01]} 12. Ne3 {[%emt 0:00:03]} Bd7 {[%emt 0:01:44]} 13. O-O {[%emt 0:02:18]} Nc6 {[%emt 0:04:40]} 14. d5 {[%emt 0:07:44]} Ne5 {[%emt 0:04:48]} 15. Nd4 {[%emt 0:03:54]} Re8 {[%emt 0:05:17]} 16. c3 {[%emt 0:04:36]} c5 {[%emt 0:10:01]} 17. dxc6 {[%emt 0:02:04]} bxc6 {[%emt 0:00:29]} 18. Rad1 {[%emt 0:06:29]} f5 {[%emt 0:04:25]} 19. Nc4 {[%emt 0:07:09]} Nxc4 {[%emt 0:02:42]} 20. Bxc4 {[%emt 0:00:04]} Rb8 {[%emt 0:05:10]} 21. Bb3 {[%emt 0:02:33]} Kc7 {[%emt 0:01:12]} 22. Rfe1 {[%emt 0:03:28]} a5 {[%emt 0:03:16]} 23. h3 {[%emt 0:04:40]} c5 {[%emt 0:02:51]} 24. Rxe8 {[%emt 0:04:37]} Rxe8 {[%emt 0:00:20]} 25. Nf3 {[%emt 0:01:08]} a4 {[%emt 0:01:58]} 26. Bc4 {[%emt 0:05:38]} Rb8 {[%emt 0:02:48]} 27. Re1 {[%emt 0:04:01]} Bf6 {[%emt 0:01:46]} 28. Re2 {[%emt 0:02:12]} g5 {[%emt 0:03:17]} 29. a3 {[%emt 0:01:38]} g4 {[%emt 0:03:33]} 30. hxg4 {[%emt 0:00:06]} fxg4 {[%emt 0:00:01]} 31. Nh2 {[%emt 0:00:09]} Be5 {[%emt 0:00:48]} 32. Nf1 {[%emt 0:00:37]} h5 {[%emt 0:01:43]} 33. Ne3 {[%emt 0:01:04]} Bc6 {[%emt 0:03:52]} 34. Bf7 {[%emt 0:02:59]} Rh8 {[%emt 0:04:49]} 35. Nc4 {[%emt 0:02:44]} Bb5 {[%emt 0:00:22]} 36. Bd5 {[%emt 0:00:34]} Rb8 {[%emt 0:03:26]} 37. g3 {[%emt 0:01:11]} Bxc4 {[%emt 0:03:27]} 38. Bxc4 {[%emt 0:00:05]} Kc6 {[%emt 0:00:19]} 39. Rd2 {[%emt 0:00:19]} 1/2-1/2

[Event "POL-ch Women MOKATE 2020"]
[Site "Ostrow Wielkopolski"]
[Date "2020.08.07"]
[Round "4.4"]
[White "Kulon, Klaudia"]
[Black "Zawadzka, Jolanta"]
[Result "1-0"]
[WhiteElo "2336"]
[BlackElo "2419"]
[Annotator "ChessBase"]
[PlyCount "103"]
[EventDate "2020.08.04"]
[EventType "tourn"]
[EventCountry "POL"]
[SourceTitle "playchess.com"]
[Source "ChessBase"]
[SourceQuality "1"]
[TimeControl "40/5400+30:1800+30"]

1. d4 {[%emt 0:00:00]} d5 {[%emt 0:00:00]} 2. Nf3 {[%emt 0:00:00]} Nf6 {[%emt 0:00:00]} 3. Bf4 {[%emt 0:00:00]} c5 {[%emt 0:00:26]} 4. e3 {[%emt 0:00:00]} Nc6 {[%emt 0:00:31]} 5. Nbd2 {[%emt 0:00:00]} cxd4 {[%emt 0:01:15]} 6. exd4 {[%emt 0:00:00]} Bf5 {[%emt 0:00:35]} 7. c3 {[%emt 0:00:02]} e6 {[%emt 0:00:36]} 8. Qb3 {[%emt 0:00:10]} Qc8 {[%emt 0:00:20]} 9. Nh4 {[%emt 0:00:19]} Be4 {[%emt 0:00:41]} 10. Nxe4 {[%emt 0:00:19]} Nxe4 {[%emt 0:00:18]} 11. Nf3 {[%emt 0:00:14]} Bd6 {[%emt 0:00:35]} 12. Bxd6 {[%emt 0:00:08]} Nxd6 {[%emt 0:00:05]} 13. Bd3 {[%emt 0:00:19]} O-O {[%emt 0:00:32]} 14. O-O {[%emt 0:02:05]} Qc7 {[%emt 0:02:53]} 15. Rae1 {[%emt 0:03:29]} a6 {[%emt 0:09:50]} 16. Bb1 {[%emt 0:06:58]} Rac8 {[%emt 0:08:54]} 17. Qc2 {[%emt 0:05:44]} g6 {[%emt 0:00:10]} 18. Qc1 {[%emt 0:02:45]} Kg7 {[%emt 0:10:18]} 19. h4 {[%emt 0:04:42]} Qe7 {[%emt 0:07:54]} 20. h5 {[%emt 0:06:24]} Qf6 {[%emt 0:08:27]} 21. Ne5 {[%emt 0:08:07]} Qh4 {[%emt 0:05:23]} 22. g3 {[%emt 0:01:06]} Qh3 {[%emt 0:04:34]} 23. Qf4 {[%emt 0:05:45]} Nf5 {[%emt 0:04:21]} 24. Ng4 {[%emt 0:10:10]} Qxh5 {[%emt 0:04:16]} 25. Kg2 {[%emt 0:00:16]} g5 {[%emt 0:00:47]} 26. Qf3 {[%emt 0:00:50]} Qg6 {[%emt 0:03:24]} 27. Rh1 {[%emt 0:01:18]} h5 {[%emt 0:02:14]} 28. Ne5 {[%emt 0:02:52]} Nxe5 {[%emt 0:01:16]} 29. Rxe5 {[%emt 0:00:06]} Rcd8 {[%emt 0:07:44]} 30. Bxf5 {[%emt 0:01:41]} exf5 {[%emt 0:00:04]} 31. Rxf5 {[%emt 0:00:21]} Rh8 {[%emt 0:03:05]} 32. Re1 {[%emt 0:04:30]} Rd7 {[%emt 0:02:20]} 33. Ree5 {[%emt 0:00:39]} f6 {[%emt 0:00:17]} 34. Rxd5 {[%emt 0:01:02]} Rf7 {[%emt 0:00:18]} 35. Qe3 {[%emt 0:04:18]} h4 {[%emt 0:08:10]} 36. g4 {[%emt 0:01:12]} Rc8 {[%emt 0:00:20]} 37. Rxg5 {[%emt 0:04:34]} fxg5 {[%emt 0:00:05]} 38. Rxg5 {[%emt 0:00:03]} Rcf8 {[%emt 0:01:09]} 39. Qe5+ {[%emt 0:00:48]} Rf6 {[%emt 0:01:41]} 40. f4 {[%emt 0:00:00]} Kh7 {[%emt 0:00:00]} 41. Rxg6 {[%emt 0:02:48]} Rxg6 {[%emt 0:06:23]} 42. Kh3 {[%emt 0:01:38]} Rgf6 {[%emt 0:02:49]} 43. f5 {[%emt 0:00:24]} Kg8 {[%emt 0:00:59]} 44. Kxh4 {[%emt 0:00:18]} R8f7 {[%emt 0:01:20]} 45. Kg5 {[%emt 0:00:28]} Rb6 {[%emt 0:00:35]} 46. b3 {[%emt 0:00:18]} Kh7 {[%emt 0:00:25]} 47. Kf4 {[%emt 0:00:15]} Rc6 {[%emt 0:01:45]} 48. c4 {[%emt 0:00:05]} Rd7 {[%emt 0:01:06]} 49. g5 {[%emt 0:00:17]} Rcd6 {[%emt 0:00:21]} 50. d5 {[%emt 0:00:16]} b5 {[%emt 0:00:07]} 51. g6+ {[%emt 0:00:14]} Kg8 {[%emt 0:00:06]} 52. f6 {[%emt 0:00:17]} 1-0

[Event "POL-ch Women MOKATE 2020"]
[Site "Ostrow Wielkopolski"]
[Date "2020.08.07"]
[Round "4.5"]
[White "Majdan, Joanna"]
[Black "Kubicka, Anna"]
[Result "1-0"]
[WhiteElo "2325"]
[BlackElo "2256"]
[Annotator "ChessBase"]
[PlyCount "89"]
[EventDate "2020.08.04"]
[EventType "tourn"]
[EventCountry "POL"]
[SourceTitle "playchess.com"]
[Source "ChessBase"]
[SourceQuality "1"]
[TimeControl "40/5400+30:1800+30"]

1. e4 {[%emt 0:00:00]} c6 {[%emt 0:00:00]} 2. Nc3 {[%emt 0:00:01]} d5 {[%emt 0:00:00]} 3. Nf3 {[%emt 0:00:04]} Nf6 {[%emt 0:00:00]} 4. e5 {[%emt 0:00:51]} Ne4 {[%emt 0:00:08]} 5. Ne2 {[%emt 0:00:14]} Qb6 {[%emt 0:00:16]} 6. d4 {[%emt 0:00:06]} e6 {[%emt 0:00:14]} 7. Ng3 {[%emt 0:01:44]} Nxg3 {[%emt 0:00:44]} 8. fxg3 {[%emt 0:01:42]} c5 {[%emt 0:01:23]} 9. Bd3 {[%emt 0:02:08]} h6 {[%emt 0:04:16]} 10. O-O {[%emt 0:01:34]} Bd7 {[%emt 0:03:42]} 11. Nh4 {[%emt 0:05:05]} Nc6 {[%emt 0:06:24]} 12. Qh5 {[%emt 0:02:10]} O-O-O {[%emt 0:00:52]} 13. dxc5 {[%emt 0:12:59]} Bxc5+ {[%emt 0:06:58]} 14. Kh1 {[%emt 0:00:03]} Bd4 {[%emt 0:05:50]} 15. c3 {[%emt 0:08:38]} Bxe5 {[%emt 0:03:30]} 16. Qxf7 {[%emt 0:00:05]} Rhf8 {[%emt 0:12:52]} 17. Qxf8 {[%emt 0:02:27]} Rxf8 {[%emt 0:02:45]} 18. Rxf8+ {[%emt 0:00:04]} Kc7 {[%emt 0:01:10]} 19. Rf1 {[%emt 0:02:10]} Bd6 {[%emt 0:07:05]} 20. b3 {[%emt 0:03:24]} g5 {[%emt 0:21:55]} 21. Ng6 {[%emt 0:00:33]} Ne5 {[%emt 0:01:25]} 22. Nxe5 {[%emt 0:00:37]} Bxe5 {[%emt 0:00:01]} 23. Bd2 {[%emt 0:01:26]} Qa5 {[%emt 0:05:28]} 24. a4 {[%emt 0:00:59]} Kd6 {[%emt 0:01:29]} 25. b4 {[%emt 0:03:33]} Qc7 {[%emt 0:01:14]} 26. Rf7 {[%emt 0:01:23]} Qc8 {[%emt 0:02:51]} 27. Rc1 {[%emt 0:06:55]} Qe8 {[%emt 0:05:34]} 28. Rcf1 {[%emt 0:04:18]} Qc8 {[%emt 0:00:20]} 29. Rf8 {[%emt 0:04:51]} Qc7 {[%emt 0:00:41]} 30. R8f7 {[%emt 0:03:48]} Qc8 {[%emt 0:01:21]} 31. Rc1 {[%emt 0:01:28]} Qe8 {[%emt 0:01:01]} 32. Rh7 {[%emt 0:00:35]} Qh5 {[%emt 0:00:29]} 33. Kg1 {[%emt 0:00:37]} a6 {[%emt 0:00:42]} 34. Be3 {[%emt 0:01:53]} Bxa4 {[%emt 0:02:21]} 35. Rxb7 {[%emt 0:04:00]} Bb5 {[%emt 0:01:38]} 36. Bc5+ {[%emt 0:03:03]} Kc6 {[%emt 0:00:02]} 37. Rb6+ {[%emt 0:00:05]} Kd7 {[%emt 0:01:01]} 38. Bxb5+ {[%emt 0:05:13]} axb5 {[%emt 0:00:01]} 39. Rb7+ {[%emt 0:03:23]} Kc6 {[%emt 0:00:33]} 40. Re7 {[%emt 0:00:00]} Bxc3 {[%emt 0:00:00]} 41. Rxe6+ {[%emt 0:01:26]} Kc7 {[%emt 0:13:22]} 42. h3 {[%emt 0:00:34]} Bb2 {[%emt 0:09:06]} 43. Rf1 {[%emt 0:02:08]} g4 {[%emt 0:00:19]} 44. hxg4 {[%emt 0:00:52]} Qxg4 {[%emt 0:06:49]} 45. Rf7+ {[%emt 0:00:14]} 1-0

[Event "POL-ch Women MOKATE 2020"]
[Site "Ostrow Wielkopolski"]
[Date "2020.08.07"]
[Round "4.5"]
[White "Antolak, Julia"]
[Black "Sliwicka, Alicja"]
[Result "*"]
[WhiteElo "2323"]
[BlackElo "2317"]
[Annotator "TA"]
[PlyCount "25"]
[EventDate "2020.08.04"]
[EventType "tourn"]
[EventCountry "POL"]
[SourceTitle "playchess.com"]
[Source "ChessBase"]
[SourceQuality "1"]

{[%evp 6,6,5]} 1. e4 c6 2. Nc3 d5 3. Nf3 Nf6 {[#] Not much happened in this game.} {Predecessor:} 4. e5 $146 Ne4 5. Ne2 Qb6 6. d4 {B11: Caro-Kann: Two Knights Variation.} e6 7. Ng3 c5 8. Bd3 Nxg3 9. fxg3 Nc6 10. O-O h6 11. Kh1 c4 12. Be2 Bd7 13. c3 {1-0 (31) Movsesian,S (2649)-Navara,D (2719) Pardubice 2020} *

[Event "POL-ch Women MOKATE 2020"]
[Site "Ostrow Wielkopolski"]
[Date "2020.08.08"]
[Round "5.1"]
[White "Sliwicka, Alicja"]
[Black "Kucharska, Honorata"]
[Result "1/2-1/2"]
[WhiteElo "2317"]
[BlackElo "2113"]
[Annotator "ChessBase"]
[PlyCount "68"]
[EventDate "2020.08.04"]
[EventType "tourn"]
[EventCountry "POL"]
[SourceTitle "playchess.com"]
[Source "ChessBase"]
[SourceQuality "1"]
[TimeControl "40/5400+30:1800+30"]

1. e4 {[%emt 0:00:00]} e6 {[%emt 0:00:00]} 2. Nf3 {[%emt 0:00:00]} d5 {[%emt 0:00:02]} 3. Nc3 {[%emt 0:00:00]} Nf6 {[%emt 0:01:34]} 4. e5 {[%emt 0:00:00]} Nfd7 {[%emt 0:00:05]} 5. d4 {[%emt 0:00:05]} c5 {[%emt 0:00:17]} 6. dxc5 {[%emt 0:00:13]} Nxc5 {[%emt 0:01:24]} 7. Bf4 {[%emt 0:08:35]} Be7 {[%emt 0:03:31]} 8. Bb5+ {[%emt 0:06:57]} Bd7 {[%emt 0:02:41]} 9. Bd3 {[%emt 0:00:41]} O-O {[%emt 0:02:06]} 10. h4 {[%emt 0:03:26]} Nxd3+ {[%emt 0:00:40]} 11. Qxd3 {[%emt 0:00:47]} f5 {[%emt 0:09:15]} 12. O-O-O {[%emt 0:10:29]} Bc6 {[%emt 0:05:44]} 13. Nd4 {[%emt 0:04:42]} Qc8 {[%emt 0:07:40]} 14. g4 {[%emt 0:01:58]} Bc5 {[%emt 0:08:56]} 15. Nce2 {[%emt 0:01:38]} Bxd4 {[%emt 0:07:08]} 16. Nxd4 {[%emt 0:00:14]} fxg4 {[%emt 0:00:48]} 17. Qg3 {[%emt 0:01:36]} h5 {[%emt 0:05:23]} 18. f3 {[%emt 0:01:00]} Be8 {[%emt 0:03:58]} 19. fxg4 {[%emt 0:02:49]} Nc6 {[%emt 0:01:30]} 20. Rhg1 {[%emt 0:09:47]} Nxd4 {[%emt 0:04:55]} 21. Rxd4 {[%emt 0:00:14]} Qc7 {[%emt 0:01:14]} 22. Bd2 {[%emt 0:15:18]} Bg6 {[%emt 0:04:54]} 23. Bc3 {[%emt 0:03:45]} Rf7 {[%emt 0:04:24]} 24. Rf4 {[%emt 0:06:06]} Raf8 {[%emt 0:00:45]} 25. Rxf7 {[%emt 0:01:19]} Qxf7 {[%emt 0:00:20]} 26. gxh5 {[%emt 0:01:59]} Bxh5 {[%emt 0:00:41]} 27. Bd2 {[%emt 0:01:45]} Kh7 {[%emt 0:04:18]} 28. b3 {[%emt 0:01:14]} Rc8 {[%emt 0:01:21]} 29. Kb2 {[%emt 0:02:13]} Bg6 {[%emt 0:00:53]} 30. c3 {[%emt 0:02:51]} b5 {[%emt 0:02:08]} 31. Qf4 {[%emt 0:04:09]} Qxf4 {[%emt 0:05:12]} 32. Bxf4 {[%emt 0:00:05]} a5 {[%emt 0:00:56]} 33. Rf1 {[%emt 0:01:05]} Bf5 {[%emt 0:01:30]} 34. Be3 {[%emt 0:00:33]} Rc6 {[%emt 0:01:16]} 1/2-1/2

[Event "POL-ch Women MOKATE 2020"]
[Site "Ostrow Wielkopolski"]
[Date "2020.08.08"]
[Round "5.2"]
[White "Zawadzka, Jolanta"]
[Black "Antolak, Julia"]
[Result "1-0"]
[WhiteElo "2419"]
[BlackElo "2323"]
[Annotator "TA"]
[PlyCount "91"]
[EventDate "2020.08.04"]
[EventType "tourn"]
[EventCountry "POL"]
[SourceTitle "playchess.com"]
[Source "ChessBase"]
[SourceQuality "1"]

{[%evp 12,91,32,6,43,8,46,35,54,39,50,38,47,8,35,0,0,0,0,-22,-2,-9,0,0,0,0,0,0,0,0,0,0,39,36,41,42,111,119,110,107,113,118,120,107,102,116,117,110,115,116,331,170,377,391,375,381,508,459,514,507,508,502,501,418,446,422,5122,5177,3848,3100,2685,2363,6287,6279,6270,6187,29970,29971,29971,29971,6460,6420]} 1. e4 c5 2. Nf3 d6 3. d4 cxd4 4. Nxd4 Nf6 5. Nc3 a6 6. Be3 e6 7. f3 h5 {B80: Sicilian Scheveningen: 6 g3 and 6 Be3, including English Attack.} 8. Qd2 Nbd7 9. a4 Qc7 {White is slightly better.} 10. Be2 Be7 11. O-O b6 12. Rfd1 (12. a5 $5) 12... Bb7 {[#]} 13. Nb3 $146 (13. a5 $5) ({Predecessor:} 13. a5 O-O 14. axb6 Nxb6 15. Nb3 Nc4 16. Bxc4 Qxc4 17. Na5 Qc7 18. Na4 Nd7 19. Ra3 {1-0 (32) Preotu,R (2495)-Arnold,M (2524) chess.com INT 2017}) 13... O-O 14. Bf4 {[%cal Rf4d6]} Ne5 15. Qd4 Rac8 16. Qf2 Rfd8 17. Be3 Ned7 18. Rd2 Nc5 19. Rad1 d5 {[%cal Rd5e4]} 20. exd5 Nxd5 21. Nxd5 Rxd5 (21... exd5 {feels hotter.} 22. a5 bxa5 23. Nxc5 Bxc5 24. Bxc5 Qxc5 25. c3 Rd6) 22. Nxc5 Bxc5 23. Bxc5 Qxc5 ({Better is} 23... Rxd2 $14 24. Rxd2 bxc5) 24. Qxc5 $16 Rcxc5 25. c4 $1 {[%cal Rc4d5]} Rxd2 26. Rxd2 {[%mdl 4096] Endgame KRB-KRB} Kf8 27. b4 Rc8 28. Rd6 Rc6 29. Rd7 Bc8 30. Ra7 $1 e5 $2 {Loses the game.} (30... a5 $16) 31. Kf2 (31. c5 $142) 31... g5 $2 (31... a5 {was necessary.}) 32. c5 $18 bxc5 {[#]} 33. b5 $1 {[%cal Rb5c6]} Rd6 34. bxa6 Be6 {intending ...c4.} 35. Ra8+ Ke7 36. a7 Bd5 37. Rc8 Rd8 38. Rxc5 Kd6 {[#]} (38... Ba8 $142 39. Rxe5+ Kf6) 39. Rxd5+ $1 {[%mdl 576] Promotion} Kxd5 {[#] KR-KB} 40. Bd3 $1 Kc5 41. Be4 Kb4 42. a8=Q Rxa8 43. Bxa8 Kxa4 44. Ke3 f5 45. Bc6+ Kb4 46. Bd7 {Accuracy: White = 88%, Black = 48%.} 1-0

[Event "POL-ch Women MOKATE 2020"]
[Site "Ostrow Wielkopolski"]
[Date "2020.08.08"]
[Round "5.3"]
[White "Cyfka, Karina"]
[Black "Kulon, Klaudia"]
[Result "1/2-1/2"]
[WhiteElo "2411"]
[BlackElo "2336"]
[Annotator "TA"]
[PlyCount "60"]
[EventDate "2020.08.04"]
[EventType "tourn"]
[EventCountry "POL"]
[SourceTitle "playchess.com"]
[Source "ChessBase"]
[SourceQuality "1"]

{[%evp 11,60,22,25,25,30,0,0,0,0,0,0,0,-14,-25,-16,-13,0,0,4,3,12,10,8,5,3,0,0,0,2,0,0,0,12,12,12,6,8,9,12,11,12,8,18,16,16,16,16,10,22,16,21]} 1. d4 f5 2. g3 Nf6 3. Bg2 g6 4. Nh3 Bg7 5. Nf4 Nc6 6. h4 e5 7. dxe5 {A81: Dutch Defence: 2 g3.} Nxe5 8. h5 c6 9. hxg6 hxg6 10. Rxh8+ Bxh8 11. Qd6 Qe7 12. Qxe7+ Kxe7 13. Nd2 {[#] The position is equal.} Kf7 $146 ({Predecessor:} 13... d5 14. Nf3 Nxf3+ 15. Bxf3 Kf7 16. Nd3 Ne4 17. Be3 b6 18. O-O-O Bb7 19. Rh1 Bg7 20. g4 Rh8 {½-½ (20) Varga,P (2486)-Kindermann,S (2516) Austria 2003}) 14. Nd3 Nxd3+ 15. exd3 d5 16. Nf3 Ng4 17. Ng5+ Kg8 18. f3 Ne5 19. Kf2 Bd7 20. Bf4 Re8 21. Re1 Nf7 (21... Bf6 {seems wilder.} 22. b3 b6 23. Rh1 Nf7 24. Nxf7 Bd4+) 22. Rxe8+ Bxe8 23. Nxf7 Kxf7 $11 {[%mdl 4096] Endgame KBB-KBB} 24. c3 Bd7 25. d4 Bf6 26. Bf1 Bg7 27. Bd3 Bf6 28. Bb8 a6 29. Bf4 Bg7 30. Ke3 Bf6 {An uneventful encounter. Accuracy: White = 95%, Black = 100%.} 1/2-1/2

[Event "POL-ch Women MOKATE 2020"]
[Site "Ostrow Wielkopolski"]
[Date "2020.08.08"]
[Round "5.4"]
[White "Kubicka, Anna"]
[Black "Socko, Monika"]
[Result "1/2-1/2"]
[WhiteElo "2256"]
[BlackElo "2428"]
[Annotator "TA"]
[PlyCount "113"]
[EventDate "2020.08.04"]
[EventType "tourn"]
[EventCountry "POL"]
[SourceTitle "playchess.com"]
[Source "ChessBase"]
[SourceQuality "1"]

{[%evp 15,113,32,63,41,41,32,47,4,15,-38,0,-11,52,10,16,7,22,18,19,6,29,0,0,-12,91,73,75,-128,-126,-163,-110,-122,-97,-104,-87,-96,-72,-102,0,0,0,0,0,0,0,-14,95,94,107,99,99,0,48,0,0,0,47,0,0,0,0,-222,-215,-356,-356,-356,0,0,0,0,0,0,0,0,0,0,0,0,0,0,0,0,0,0,0,0,0,0,0,0,0,0,0,0,0,0,0,0,0,0]} 1. d4 Nf6 2. c4 c5 3. d5 b5 4. cxb5 a6 5. b6 d6 6. Nc3 Nbd7 7. e4 g6 8. Nf3 Bg7 9. Bd3 {A57: Benko/Volga Gambit.} O-O 10. O-O Qxb6 11. Re1 {White is slightly better.} Ng4 12. Qc2 {[#]} (12. Bc2 $11) 12... a5 $146 ({Predecessor:} 12... Rb8 13. Rb1 Nge5 14. Nxe5 Nxe5 15. Be2 Bg4 16. Bf1 Bd7 17. f4 Ng4 18. Nd1 Qa5 {0-1 (44) Potocki,K (1845)-Boguszewski,P (1858) Warsaw 2010}) 13. Bg5 Re8 ({Better is} 13... Nde5 $11 14. Be2 (14. Bxe7 $2 Nxd3 {[%mdl 64] Overworked Piece} 15. Qxd3 Qxb2 $19 {[%mdl 64] Double Attack}) 14... f6) 14. Na4 Qa7 15. Bb5 Rb8 16. Bc6 h6 17. Bh4 g5 18. h3 Nge5 $36 {[%mdl 2048] Black has some pressure.} 19. Nxe5 Nxe5 (19... Bxe5 $11 20. Bg3 Bxg3 21. fxg3 Rd8) 20. Bxe8 $16 {Strongly threatening Bg3.} gxh4 21. f4 $2 (21. Bc6 $16) 21... Nd3 $17 {[%mdl 1024] Black has strong compensation.} 22. Kh1 (22. Qxd3 $2 c4+ 23. Qe3 Bd4 $19) 22... c4 (22... Ba6 $19 23. Bc6 Bxb2) 23. Rf1 ({Avoid the trap} 23. Qxc4 $2 Ba6 $19) 23... Ba6 24. Bc6 Qe3 25. e5 dxe5 26. fxe5 Qg3 ({Much less strong is} 26... Qxe5 27. Rab1 $11) (26... Bxe5 $17 {( -> ...Qg3)} 27. Rf3 Qg5) 27. Rf3 $1 $11 {[%cal Rf3g3]} Ne1 28. Rxg3 Nxc2 29. Rxg7+ $1 Kxg7 30. Rc1 Ne3 (30... Nb4 $11 {remains equal.}) 31. Nc5 $16 Bc8 {[#]} 32. b3 $1 cxb3 33. Nxb3 (33. axb3 $16 {Black must now prevent d6.} Nf5 34. Rc4) 33... Bf5 (33... a4 $5 {[%cal Ra4b3]} 34. Nd4 Rb2 $11) 34. Re1 Nc4 35. Nd4 Bd3 36. a4 {Black should prevent Bb5.} (36. Bb5 $5 {[%cal Rd5d6]}) 36... Rb1 37. Rxb1 Bxb1 $11 {[%mdl 4096] Endgame KBN-KBN} 38. Nf3 $2 (38. Nb3 $11 {and White has nothing to worry.}) 38... Be4 $19 39. Bb5 {[#]} (39. Nxh4 $142 Nxe5 40. Bb7) 39... Bxf3 $1 ({Weaker is} 39... Bxd5 40. Nxh4 Nxe5 41. Nf5+ Kf8 42. Nxh6 $17) 40. Bxc4 {KB-KB} Bd1 $2 (40... Be4 $19 41. Kg1 Kg6) 41. Bb5 $11 {The position is equal.} Bb3 42. d6 exd6 43. exd6 {Threatens to win with d7.} Kf6 44. Bc6 $1 Ke6 45. d7 Ke7 {...Be6 is the strong threat.} 46. Kg1 $1 Be6 47. Kf2 Bxd7 (47... Bf5 {is more complex.} 48. Kf3 f6 49. Bb5 Be6 50. Bc6 Bf5) 48. Bxd7 Kxd7 {KP-KP} 49. Ke3 Ke6 50. Kd4 Kd6 51. Kc4 $1 Kc6 52. Kd4 f5 (52... f6 $5) 53. Kc4 $1 f4 (53... h5 $5) 54. Kd4 Kd6 55. Kc4 $1 {[%cal Rc4b5] aiming for Kb5.} Kc6 56. Kd4 Kd6 57. Kc4 $1 {Accuracy: White = 66%, Black = 73%.} 1/2-1/2